00718nam a2200229Ia 4500003000900000008004100009040001300050040001300063041000800076100001900084245004700103250002200150260002100172260000900193300001100202300001000213490003700223490000600260942000700266999001700273952019800290IT-RoPAU120407s9999 xx 000 0 und d aIT-RoPAU cIT-RoPAU aita aCarlo Ghidelli aParole come frecce. Come leggere Qoèlet. aCinisello Balsamo aEdizioni Paoline c1991 a173 p. c18 cm aFrammenti di saggezza Biblica, 7 v1 cBK c27105d27105 00102ddc406223_39000000000000071aPAULUSbPAULUSd2012-04-11l0o223.39r2012-04-11 00:00:00w2012-04-11yBKzInserito da: Anna In data: 12 settembre 2011 fondo: Via A.Severo 56 Progr:28456